| 000 -LEADER |
| fixed length control field |
00738nam a22001337a 4500 |
| 040 ## - CATALOGING SOURCE |
| Transcribing agency |
RUA |
| 082 ## - DEWEY DECIMAL CLASSIFICATION NUMBER |
| Classification number |
AGR SON 2015 B519 Or.1 |
| 100 ## - MAIN ENTRY--AUTHOR NAME |
| Personal name |
SON POV; សុន ពៅ |
| 245 ## - TITLE STATEMENT |
| Title |
Effect of biochar with bio-slurry on cellery cabbage in farmer field at prahsdach district, preyveng province; ឥទ្ធិពលនៃធ្យូងអង្កាមលាយជាមួយកាកសំណល់ឡជីវឧស្ម័នលើដំណាំស្ពៃចង្កឹះក្នុងលក្ខខណ្ឌស្រែកសិករ ស្រុកព្រះស្តេច ខេត្ដព្រៃវែង |
| 260 ## - PUBLICATION, DISTRIBUTION, ETC. (IMPRINT) |
| Place of publication |
Phnom Penh |
| Name of publisher |
RUA |
| Year of publication |
2015 |
| 300 ## - PHYSICAL DESCRIPTION |
| Number of Pages |
x; 40p; |
| Other physical details |
ill; |
| Dimensions |
29cm; |
| 856 ## - ELECTRONIC LOCATION AND ACCESS |
| Uniform Resource Identifier |
SON POV |
| 942 ## - ADDED ENTRY ELEMENTS (KOHA) |
| Koha item type |
AGR |
| 952 ## - LOCATION AND ITEM INFORMATION (KOHA) |
| Withdrawn status [LOCAL, KOHA] |
0 |
| 952 ## - LOCATION AND ITEM INFORMATION (KOHA) |
| Withdrawn status [LOCAL, KOHA] |
0 |
| 952 ## - LOCATION AND ITEM INFORMATION (KOHA) |
| Withdrawn status [LOCAL, KOHA] |
0 |
| 952 ## - LOCATION AND ITEM INFORMATION (KOHA) |
| Withdrawn status [LOCAL, KOHA] |
0 |
| 952 ## - LOCATION AND ITEM INFORMATION (KOHA) |
| Withdrawn status [LOCAL, KOHA] |
0 |
| 952 ## - LOCATION AND ITEM INFORMATION (KOHA) |
| Withdrawn status [LOCAL, KOHA] |
0 |
| 952 ## - LOCATION AND ITEM INFORMATION (KOHA) |
| Withdrawn status [LOCAL, KOHA] |
0 |
| 952 ## - LOCATION AND ITEM INFORMATION (KOHA) |
| Withdrawn status [LOCAL, KOHA] |
0 |